000 00466nam a22001577a 4500
003 DO-SdBNP
005 20171208151010.0
008 171025b 2007||||| |||| 00| 0 spa d
040 _aBPMSU
_bspa
_cBPMSU
245 _aCocina sana :
_bpara el cuerpo y la mente
260 _aBarcelona :
_bEdiciones Primera Plana ;
_c2007.
300 _a119 p. :
_bil. ;
_c20 cm.
942 _2ddc
_cBK
945 _aInventariado extranjero / 2017 YL
956 _aBTAVAREZ
_b10
_c20172510
_d0038
999 _c12697
_d12697